| 000 | 00659cab a22001935a 4500 | ||
|---|---|---|---|
| 001 | L142653 | ||
| 008 | 080227s2008 xxko f 000 0 eng d | ||
| 035 | _a(Sirsi) u142653 | ||
| 041 | 0 | _aeng | |
| 100 | 1 | _aPearman, Hugh | |
| 245 | 0 | 0 | _aMine's a large one |
| 260 | _c2008 | ||
| 490 | 0 |
_aRIBA Journal _v115(1) January 2008, 26-30(5) |
|
| 520 | _aReviews the design changes made to regenerate St Pancras International station. There was a total of £5.8bn of investment in the High Speed One rail link, with £800m spent on the station itself. | ||
| 590 | _aKA | ||
| 651 | 4 |
_aUnited Kingdom _y |
|
| 690 | _aBUILT ENVIRONMENT-BUILDING COSTS | ||
| 942 | _n0 | ||
| 999 |
_c79894 _d79894 |
||